| 000 | 01272cas a2200265 a 4500 | ||
|---|---|---|---|
| 005 | 20251028172019.0 | ||
| 006 | s|||||o|||| 00| 0 | ||
| 008 | 991125c2001 sp ar p|o 000 0 spa d | ||
| 022 | _a2340-2725 e | ||
| 035 | _aUPN01000197693 | ||
| 040 |
_aMX-MxUPN _bspa _cMX-MxUPN _eaacr2 |
||
| 049 | _aREV-E | ||
| 245 | 0 | 0 |
_aDocencia e investigación : _brevista de la escuela universitaria de magisterio de Toledo _h[recurso electrónico en línea] |
| 260 |
_aEspaña : _bUniversidad de Castilla-La Mancha, Facultad de Educación de Toledo, _c2001- |
||
| 310 | _aAnual | ||
| 506 | 0 | _aAcceso abierto | |
| 510 | 0 | _aDialnet, BNE, Dice, Doaj, Iresie, Latindex, Miar, Rebiun, Rehs, In-Recs, Iedcyt y Magistri et Scholares | |
| 520 | 1 |
_a"Esta revista en soporte digital pretende ser un foro de intercambio de experiencias, ideas e inquietudes de profesionales comprometidos con la educación del tercer milenio desde sus diferentes orientaciones, en el que se rompen las barreras espaciales y temporales desde las que poder participar". _cDocencia e investigación. |
|
| 650 | 4 |
_aEducación _xInvestigación _94070 |
|
| 653 | 0 | _aDocencia | |
| 856 | 4 | 0 | _uhttps://revista.uclm.es/index.php/rdi |
| 902 | _aGloria Jiménez/091025 | ||
| 905 | _aRevista | ||
| 942 | _cREV-E | ||
| 999 |
_c169794 _d169794 |
||